000 00887cam a22002771 4500
001 6541
003 BD-RjUL
005 20211208234249.0
008 140111s19701968caua b 001 0 eng d
035 _a(BD-RjUL)6582
040 _aDLC
_cDLC
_dDLC
_dBD-RjUL
_beng
041 _aeng
082 0 0 _a512.896
_bFII 1970
100 1 _aFinkbeiner, Daniel T.
_q(Daniel Talbot),
_d1919-
_920563
245 1 0 _aIntroduction to matrices and linear transformations /
_cDaniel T. Finkbeiner,
250 _a2d ed.
260 _aBombay :
_bD. B. Taraporevala Sons,
_cc1968 [reprinted 1970]
300 _axi, 297 p. :
_billus. ;
_c23 cm.
490 0 _aA Series of books in mathematics
504 _aBibliography: p. [275]-277.
650 0 _aMatrices.
_920595
650 0 _aAlgebras, Linear.
_920566
740 _aMatrices and linear transformations.
942 _2ddc
_cBK
999 _c6541
_d6541